[Event "GRE-chT Online Rapid (Women) 1st"]
[Site "Tornelo INT"]
[Date "2021.02.21"]
[Round "8.4"]
[White "Filoxeni, Danai"]
[Black "Alexandri, Dimitra"]
[Result "1/2-1/2"]
[WhiteElo "1378"]
[BlackElo "1252"]
[PlyCount "62"]
[EventDate "2021.02.20"]
[EventType "team-swiss (rapid)"]
[EventRounds "9"]
[EventCountry "GRE"]
[SourceTitle "EXT 2023"]
[Source "ChessBase"]
[SourceDate "2022.10.05"]
[SourceVersion "1"]
[SourceVersionDate "2022.10.05"]
[SourceQuality "1"]

1. d4 Nf6 2. c4 g6 3. Nf3 Bg7 4. e3 d6 5. Bd3 0-0 6. 0-0 Nbd7 7. Nc3 e5 8. Re1 Re8 9. Qc2 b6 10. b3 Bb7 11. Be2 exd4 12. Nxd4 Nc5 13. Bb2 Nce4 14. Rad1 Nxc3 15. Bxc3 Qe7 16. h3 Qe4 17. Qxe4 Nxe4 18. Ba1 Nc5 19. Bf3 Bxf3 20. Nxf3 Bxa1 21. Rxa1 Nd3 22. Red1 Ne5 23. Nxe5 Rxe5 24. Rac1 a5 25. Rd5 Re7 26. a3 Ra7 27. Rd4 Re5 28. Kf1 Kf8 29. Rd5 Re7 30. Ke2 Ke8 31. Kd2 f5 1/2-1/2

[Event "GRE-chT 44th"]
[Site "Achaia"]
[Date "2016.07.07"]
[Round "4.6"]
[White "Filoxeni, Danai"]
[Black "Louka, Marianthi"]
[Result "1/2-1/2"]
[WhiteElo "1520"]
[BlackElo "1358"]
[PlyCount "66"]
[EventDate "2016.07.05"]
[EventType "team-swiss"]
[EventRounds "7"]
[EventCountry "GRE"]
[SourceTitle "CBM 173 Extra"]
[Source "ChessBase"]
[SourceDate "2016.08.29"]
[SourceVersion "1"]
[SourceVersionDate "2016.08.29"]
[SourceQuality "1"]
[WhiteTeam "Chania Kydon"]
[BlackTeam "Kalamata Poseidon"]
[WhiteTeamCountry "GRE"]
[BlackTeamCountry "GRE"]

1. d4 Nf6 2. Nf3 e6 3. e3 Be7 4. Bd3 0-0 5. Nbd2 b6 6. 0-0 Bb7 7. b3 c5 8. Bb2 Nc6 9. a3 Rc8 10. c4 d5 11. Re1 cxd4 12. exd4 dxc4 13. bxc4 Qc7 14. Rc1 Rfd8 15. Qc2 h6 16. Nb3 Qd7 17. Red1 Qe8 18. Qe2 Qf8 19. Ra1 Bd6 20. Qe3 Re8 21. Ne5 Bxe5 22. dxe5 Nd7 23. Qe4 g6 24. Qf4 Qg7 25. Re1 Ne7 26. Rad1 Nc5 27. Nxc5 Rxc5 28. Rd2 Rec8 29. Re3 Ba6 30. Rc2 b5 31. Re4 Nf5 32. g4 Bb7 33. Ree2 g5 1/2-1/2

[Event "GRE-ch U16 Girls"]
[Site "Porto Rio"]
[Date "2016.07.01"]
[Round "6"]
[White "Filoxeni, Danai"]
[Black "Louka, Magdalini"]
[Result "0-1"]
[WhiteElo "1520"]
[BlackElo "1622"]
[PlyCount "68"]
[EventDate "2016.06.28"]
[EventType "swiss"]
[EventRounds "9"]
[EventCountry "GRE"]
[SourceTitle "CBM 173 Extra"]
[Source "ChessBase"]
[SourceDate "2016.08.29"]
[SourceVersion "1"]
[SourceVersionDate "2016.08.29"]
[SourceQuality "1"]

1. d4 Nf6 2. Nf3 e6 3. e3 d5 4. c4 b6 5. Nbd2 Bb7 6. Bd3 Bd6 7. 0-0 0-0 8. b3 Nbd7 9. Bb2 Ne4 10. Rc1 f5 11. Ne5 Bxe5 12. dxe5 Ndc5 13. Bb1 Nxd2 14. Qxd2 dxc4 15. Qxd8 Rfxd8 16. bxc4 Ba6 17. Rfe1 Nb7 18. a3 c5 19. Rc3 Na5 20. Ba2 Rd2 21. Rb1 Rad8 22. h3 Rd1+ 23. Kh2 Rxb1 24. Bxb1 Bxc4 25. Rc1 Bd3 26. Ba2 c4 27. Kg3 b5 28. Bc3 Nc6 29. Rd1 Kf7 30. Rd2 Rb8 31. Rb2 a5 32. f4 b4 33. axb4 axb4 34. Be1 c3 0-1

[Event "GRE-ch U16 Girls"]
[Site "Porto Rio"]
[Date "2016.06.30"]
[Round "4"]
[White "Plouska, Antigoni"]
[Black "Filoxeni, Danai"]
[Result "1-0"]
[WhiteElo "1205"]
[BlackElo "1520"]
[PlyCount "85"]
[EventDate "2016.06.28"]
[EventType "swiss"]
[EventRounds "9"]
[EventCountry "GRE"]
[SourceTitle "CBM 173 Extra"]
[Source "ChessBase"]
[SourceDate "2016.08.29"]
[SourceVersion "1"]
[SourceVersionDate "2016.08.29"]
[SourceQuality "1"]

1. d4 Nf6 2. Nf3 e6 3. e3 b6 4. Bd3 Bb7 5. Nbd2 Be7 6. b3 0-0 7. Bb2 c5 8. 0-0 Nc6 9. c4 Rc8 10. Re1 Nb4 11. Bb1 Qc7 12. a3 Nc6 13. Bd3 Rfd8 14. Qc2 h6 15. Rec1 d5 16. h3 Qd7 17. Qd1 Ne8 18. dxc5 dxc4 19. Bxc4 Bxc5 20. b4 Be7 21. Nb3 Bf6 22. Bxf6 Nxf6 23. Bb5 Qxd1+ 24. Rxd1 Nd5 25. Bxc6 Bxc6 26. Nbd4 Ba4 27. Rdc1 Nf6 28. Ne5 a6 29. Nec6 Bxc6 30. Nxc6 Rd1+ 31. Rxd1 Rxc6 32. Rac1 Rxc1 33. Rxc1 Nd5 34. Kf1 Kf8 35. Rc8+ Ke7 36. Ra8 Nc7 37. Rh8 Ne8 38. Ke2 Kd7 39. Kd3 Ke7 40. Kc3 Kd7 41. f4 Ke7 42. g4 f6 43. h4 1-0

[Event "GRE-ch U16 Girls"]
[Site "Porto Rio"]
[Date "2016.06.28"]
[Round "1"]
[White "Filoxeni, Danai"]
[Black "Aggelopoulou, Alexandra"]
[Result "1/2-1/2"]
[WhiteElo "1520"]
[BlackElo "1047"]
[PlyCount "86"]
[EventDate "2016.06.28"]
[EventType "swiss"]
[EventRounds "9"]
[EventCountry "GRE"]
[SourceTitle "CBM 173 Extra"]
[Source "ChessBase"]
[SourceDate "2016.08.29"]
[SourceVersion "1"]
[SourceVersionDate "2016.08.29"]
[SourceQuality "1"]

1. d4 d5 2. c4 c6 3. Nf3 Nf6 4. e3 Bf5 5. Nc3 e6 6. Nh4 Bg6 7. Nxg6 hxg6 8. Be2 c5 9. cxd5 exd5 10. dxc5 Bxc5 11. Qb3 Bb6 12. Bf3 Nc6 13. Nxd5 Nxd5 14. Bxd5 Qc7 15. h3 Rh5 16. Bd2 Rd8 17. Bf3 Re5 18. Bc3 Bd4 19. 0-0 Bxc3 20. Qxc3 Kf8 21. Rac1 Re6 22. Qa3+ Kg8 23. Qxa7 Rd2 24. Bxc6 Rxc6 25. Rxc6 Qxc6 26. b3 Rd5 27. Qa3 Rg5 28. f3 Qe6 29. b4 Qxh3 30. Rf2 Qg3 31. Qc3 Rh5 32. Qc4 Qh2+ 33. Kf1 Qe5 34. Re2 Qg3 35. Rf2 Qd6 36. Re2 Rh1+ 37. Kf2 Qh2 38. Qc8+ Kh7 39. Qh3+ Qxh3 40. gxh3 Rxh3 41. Kg2 Rh5 42. Rc2 Rg5+ 43. Kf2 Rb5 1/2-1/2

[Event "GRE-chT 43rd"]
[Site "Porto Rio"]
[Date "2015.10.11"]
[Round "6.10"]
[White "Filoxeni, Danai"]
[Black "Mihailidou, Magdalini"]
[Result "1/2-1/2"]
[WhiteElo "1509"]
[BlackElo "1448"]
[PlyCount "118"]
[EventDate "2015.10.08"]
[EventType "team-swiss"]
[EventRounds "7"]
[EventCountry "GRE"]
[SourceTitle "CBM 168 Extra"]
[Source "ChessBase"]
[SourceDate "2015.10.29"]
[SourceVersion "1"]
[SourceVersionDate "2015.10.29"]
[SourceQuality "1"]
[WhiteTeam "Chania Kydon"]
[BlackTeam "Kavalas OFS"]
[WhiteTeamCountry "GRE"]
[BlackTeamCountry "GRE"]

1. d4 d5 2. c4 e6 3. Nf3 Nf6 4. Bf4 Bd6 5. Bg3 c6 6. e3 0-0 7. Nbd2 h6 8. Ne5 Nbd7 9. Nxf7 Rxf7 10. Bxd6 dxc4 11. Nxc4 b5 12. Ne5 Nxe5 13. Bxe5 Qa5+ 14. Ke2 Ne4 15. f3 Ng5 16. Qd2 Qxd2+ 17. Kxd2 Rd7 18. Bd3 Bb7 19. Rac1 a5 20. b3 b4 21. Ke2 a4 22. Bc4 Ba6 23. Rhd1 Nf7 24. Bg3 Nd6 25. Bxa6 Rxa6 26. bxa4 Rxa4 27. Rxc6 Nb5 28. Kf1 Nc3 29. Rd2 Kf7 30. Rb2 Nxa2 31. Rb6 Nc3 32. R6xb4 Ra1+ 33. Be1 Nd1 34. Re2 Ra3 35. Bd2 Rc7 36. Re1 Nc3 37. Bxc3 Rcxc3 38. e4 Ra2 39. Re2 Rxe2 40. Kxe2 Rc2+ 41. Kf1 Rc1+ 42. Kf2 Rc2+ 43. Kg3 g5 44. Rb7+ Kg6 45. Rd7 Rd2 46. d5 exd5 47. Rxd5 Re2 48. Rd1 Kf6 49. Rf1 Ke5 50. Rf2 Re1 51. h4 gxh4+ 52. Kxh4 Kf4 53. g3+ Ke3 54. Rh2 Kxf3 55. g4 Rxe4 56. Kh5 Kg3 57. Rh1 Re5+ 58. Kg6 Rg5+ 59. Kf6 Rxg4 1/2-1/2

[Event "GRE-ch U16 Girls"]
[Site "Rio Achaia"]
[Date "2015.07.01"]
[Round "6.7"]
[White "Houhouli, Hristina"]
[Black "Filoxeni, Danai"]
[Result "0-1"]
[WhiteElo "1430"]
[BlackElo "1458"]
[PlyCount "70"]
[EventDate "2015.06.26"]
[EventType "swiss"]
[EventRounds "9"]
[EventCountry "GRE"]
[SourceTitle "EXT 2024"]
[Source "ChessBase"]
[SourceDate "2023.10.10"]
[SourceVersion "1"]
[SourceVersionDate "2023.10.10"]
[SourceQuality "1"]

1. e4 c5 2. Nf3 Nc6 3. d4 cxd4 4. Nxd4 g6 5. Nc3 Bg7 6. Be3 Nf6 7. Bc4 0-0 8. Bb3 a5 9. a3 Qc7 10. 0-0 Ng4 11. Qxg4 Nxd4 12. Nd5 Qd8 13. Bg5 Nc6 14. c3 d6 15. Qh4 Re8 16. Rad1 a4 17. Bc4 Bf8 18. Bh6 Be6 19. Bxf8 Rxf8 20. Qh6 Ne5 21. Be2 Bd7 22. Qg5 Re8 23. h4 Bc6 24. Kh2 Bxd5 25. exd5 Qb6 26. Rd2 Qc5 27. h5 b5 28. Rd4 e6 29. hxg6 hxg6 30. dxe6 Nf3+ 31. Bxf3 Qxg5 32. Bxa8 Rxa8 33. Re1 fxe6 34. Rxe6 Kf7 35. Rdxd6 Rh8+ 0-1